[Event "GER-ch U12 Girls"]
[Site "Willingen"]
[Date "2016.05.16"]
[Round "3"]
[White "Schwegler, Jelena"]
[Black "Kriuckova, Sonia"]
[Result "1-0"]
[WhiteElo "912"]
[BlackElo "1190"]
[PlyCount "45"]
[EventDate "2016.05.15"]
[EventType "swiss"]
[EventRounds "11"]
[EventCountry "GER"]
[SourceTitle "CBM 172 Extra"]
[Source "ChessBase"]
[SourceDate "2016.06.21"]
[SourceVersion "1"]
[SourceVersionDate "2016.06.21"]
[SourceQuality "1"]

1. e4 c5 2. d4 cxd4 3. c3 dxc3 4. Nxc3 d6 5. Nf3 Nc6 6. Bc4 e6 7. 0-0 h6 8. Qe2 Nge7 9. Rd1 Ng6 10. Bb5 Qc7 11. b3 a6 12. Bxc6+ Qxc6 13. Qe3 b5 14. Bb2 f5 15. exf5 Ne7 16. fxe6 Bb7 17. Qf4 0-0-0 18. Rac1 g5 19. Qf6 Kb8 20. Qxh8 g4 21. Ne1 Ng6 22. Qd4 h5 23. Nd5 1-0

[Event "GER-ch U12 Girls"]
[Site "Willingen"]
[Date "2016.05.15"]
[Round "2"]
[White "Kriuckova, Sonia"]
[Black "Limbach, Anna Lena"]
[Result "0-1"]
[WhiteElo "1190"]
[BlackElo "1365"]
[PlyCount "58"]
[EventDate "2016.05.15"]
[EventType "swiss"]
[EventRounds "11"]
[EventCountry "GER"]
[SourceTitle "CBM 172 Extra"]
[Source "ChessBase"]
[SourceDate "2016.06.21"]
[SourceVersion "1"]
[SourceVersionDate "2016.06.21"]
[SourceQuality "1"]

1. e4 e6 2. d4 d5 3. Nc3 Bb4 4. a3 Bxc3+ 5. bxc3 dxe4 6. Qg4 Qf6 7. Qxe4 Ne7 8. Nf3 0-0 9. Bd3 Nf5 10. g4 Bd7 11. gxf5 exf5 12. Rg1 fxe4 13. Bxe4 Re8 14. Nd2 Bc6 15. f3 Bxe4 16. fxe4 Qh4+ 17. Kd1 Qxh2 18. Re1 Nd7 19. Rb1 b6 20. Bb2 Nf6 21. Bc1 Qh5+ 22. Re2 Nxe4 23. Nxe4 Rxe4 24. Be3 Rae8 25. c4 Rxe3 26. Kc1 Qxe2 27. Kb2 Qxc4 28. a4 Qb4+ 29. Ka2 Ra3# 0-1

[Event "Berlin-ch QT"]
[Site "Berlin"]
[Date "2016.03.29"]
[Round "4"]
[White "Yilmaz, Rahmi"]
[Black "Kriuckova, Sonia"]
[Result "1-0"]
[WhiteElo "1671"]
[BlackElo "1208"]
[PlyCount "102"]
[EventDate "2016.03.26"]
[EventType "swiss"]
[EventRounds "9"]
[EventCountry "GER"]
[SourceTitle "EXT 2022"]
[Source "ChessBase"]
[SourceDate "2021.10.06"]
[SourceVersion "1"]
[SourceVersionDate "2021.10.06"]
[SourceQuality "1"]

1. e4 c5 2. c3 d6 3. d4 cxd4 4. cxd4 Nf6 5. Nc3 g6 6. Nf3 Bg7 7. Bc4 0-0 8. h3 a6 9. a4 b6 10. 0-0 Bb7 11. Re1 Nxe4 12. Bxf7+ Rxf7 13. Nxe4 Bxe4 14. Rxe4 Nd7 15. Ng5 Rf6 16. Qb3+ Kf8 17. Nxh7+ Ke8 18. Nxf6+ Bxf6 19. Qg8+ Nf8 20. Bh6 Kd7 21. Bxf8 Qxf8 22. Qe6+ Kd8 23. Rc1 Qe8 24. Rc2 Qd7 25. d5 Qxe6 26. dxe6 Rc8 27. Rxc8+ Kxc8 28. b4 Kd8 29. g3 Ke8 30. Rc4 Kf8 31. f4 Kg7 32. g4 Bb2 33. g5 a5 34. Kg2 Ba3 35. bxa5 bxa5 36. Rc8 Bb4 37. Rd8 Kh7 38. Rd7 Kg7 39. Rxe7+ Kf8 40. Rd7 Kg8 41. Kf3 Kf8 42. Kg4 Bc5 43. f5 gxf5+ 44. Kxf5 Bb4 45. h4 Bc5 46. h5 Kg8 47. g6 Bb6 48. h6 d5 49. Rb7 Bc5 50. e7 Kh8 51. e8R+ Bf8 1-0

[Event "Berlin-ch QT"]
[Site "Berlin"]
[Date "2016.03.26"]
[Round "1"]
[White "Kriuckova, Sonia"]
[Black "Hecht, Uwe"]
[Result "1/2-1/2"]
[WhiteElo "1208"]
[BlackElo "1838"]
[PlyCount "36"]
[EventDate "2016.03.26"]
[EventType "swiss"]
[EventRounds "9"]
[EventCountry "GER"]
[SourceTitle "EXT 2022"]
[Source "ChessBase"]
[SourceDate "2021.10.06"]
[SourceVersion "1"]
[SourceVersionDate "2021.10.06"]
[SourceQuality "1"]

1. e4 d6 2. d4 Nf6 3. Nc3 c6 4. Nf3 Bg4 5. Be2 g6 6. h3 Bxf3 7. Bxf3 Bg7 8. Be3 0-0 9. Qd2 Nbd7 10. g4 e5 11. d5 cxd5 12. Nxd5 Nxd5 13. Qxd5 Qf6 14. Be2 Qe7 15. 0-0-0 Nf6 16. Qxd6 Qxd6 17. Rxd6 Nxe4 18. Rdd1 Rab8 1/2-1/2

[Event "GER-chT U10"]
[Site "Magdeburg"]
[Date "2015.12.28"]
[Round "5.3"]
[White "Kriuckova, Sonia"]
[Black "Deniz, Kevin"]
[Result "1-0"]
[WhiteElo "1036"]
[BlackElo "1050"]
[PlyCount "47"]
[EventDate "2015.12.27"]
[EventType "team-swiss"]
[EventRounds "7"]
[EventCountry "GER"]
[SourceTitle "EXT 2017"]
[Source "ChessBase"]
[SourceDate "2016.10.25"]
[SourceVersion "1"]
[SourceVersionDate "2016.10.25"]
[SourceQuality "1"]
[WhiteTeam "Berlin Empor"]
[BlackTeam "Werther"]
[WhiteTeamCountry "GER"]
[BlackTeamCountry "GER"]

1. e4 e6 2. d4 d5 3. Nc3 Nf6 4. Bd3 Bb4 5. Bg5 Be7 6. Nf3 0-0 7. 0-0 Nc6 8. e5 Nd7 9. Be3 Nb4 10. a3 Nxd3 11. Qxd3 c5 12. dxc5 Bxc5 13. b4 Bxe3 14. fxe3 Qc7 15. Nb5 Qd8 16. Nd6 Qc7 17. Ng5 f5 18. exf6 g6 19. f7+ Kg7 20. Nxe6+ Kh6 21. Nxc7 Rb8 22. Qxd5 Nb6 23. Qd4 Be6 24. Nxe6 1-0

[Event "GER-chT U10"]
[Site "Magdeburg"]
[Date "2015.12.28"]
[Round "4.3"]
[White "Kriuckova, Sonia"]
[Black "Neumann, Karsten"]
[Result "1-0"]
[WhiteElo "1036"]
[BlackElo "831"]
[PlyCount "103"]
[EventDate "2015.12.27"]
[EventType "team-swiss"]
[EventRounds "7"]
[EventCountry "GER"]
[SourceTitle "EXT 2017"]
[Source "ChessBase"]
[SourceDate "2016.10.25"]
[SourceVersion "1"]
[SourceVersionDate "2016.10.25"]
[SourceQuality "1"]
[WhiteTeam "Berlin Empor"]
[BlackTeam "Friedrichsfelde Borussia"]
[WhiteTeamCountry "GER"]
[BlackTeamCountry "GER"]

1. e4 c5 2. Nf3 Nc6 3. Bb5 d6 4. 0-0 Nf6 5. Nc3 g6 6. d4 cxd4 7. Nxd4 Bd7 8. Re1 e5 9. Nxc6 bxc6 10. Bc4 Bg7 11. Qxd6 Qb8 12. Rd1 Qxd6 13. Rxd6 0-0 14. Bg5 Be6 15. Bb3 Rac8 16. Bxe6 fxe6 17. Rxe6 Ng4 18. f3 h6 19. Bh4 g5 20. Bf2 Nxf2 21. Kxf2 Kf7 22. Rd6 Rfd8 23. Rad1 Ke7 24. Rxd8 Rxd8 25. Rxd8 Kxd8 26. Ke3 Ke7 27. Kd3 Kd6 28. Kc4 c5 29. b4 cxb4 30. Kxb4 Bf6 31. Nb5+ Kc6 32. Nxa7+ Kb6 33. Nb5 Be7+ 34. Kc4 Kc6 35. a4 Kb6 36. Kd5 Bf6 37. c4 Ka5 38. Nc3 Kb4 39. c5 Bd8 40. c6 Kxc3 41. Kd6 Kb4 42. c7 Bxc7+ 43. Kxc7 Kxa4 44. Kd6 Kb4 45. Kxe5 Kc5 46. Kf6 Kd6 47. e5+ Kd7 48. Kf7 Kc6 49. e6 Kd5 50. e7 Ke5 51. e8Q+ Kf4 52. Qe4# 1-0

[Event "Berlin Lichtenberger op 14th"]
[Site "Berlin"]
[Date "2015.08.19"]
[Round "5"]
[White "Kaufmann, Mathias"]
[Black "Kriuckova, Sonia"]
[Result "1/2-1/2"]
[WhiteElo "1541"]
[BlackElo "1256"]
[PlyCount "63"]
[EventDate "2015.08.15"]
[EventType "swiss"]
[EventRounds "9"]
[EventCountry "GER"]
[SourceTitle "EXT 2016"]
[Source "ChessBase"]
[SourceDate "2015.10.08"]
[SourceVersion "1"]
[SourceVersionDate "2015.10.08"]
[SourceQuality "1"]

1. c4 c5 2. g3 Nc6 3. Nf3 e6 4. Bg2 d6 5. 0-0 Nf6 6. Nc3 Be7 7. d3 0-0 8. d4 d5 9. cxd5 Nxd5 10. Ne5 Nxe5 11. Nxd5 exd5 12. dxe5 d4 13. Qb3 Qb6 14. Qxb6 axb6 15. Rd1 Ra7 16. e3 Rd8 17. exd4 Rxd4 18. Rxd4 cxd4 19. Bf4 Bd7 20. a3 Bc6 21. Rc1 Bxg2 22. Rc8+ Bf8 23. Kxg2 Ra5 24. e6 fxe6 25. Bd6 Rf5 26. g4 Rf7 27. f4 g6 28. g5 Kg7 29. Be5+ Kg8 30. Kf3 Rd7 31. Ke2 d3+ 32. Kd2 1/2-1/2

[Event "Berlin Lichtenberger op 14th"]
[Site "Berlin"]
[Date "2015.08.15"]
[Round "1"]
[White "Baranowsky, Peter"]
[Black "Kriuckova, Sonia"]
[Result "1-0"]
[WhiteElo "1972"]
[BlackElo "1256"]
[PlyCount "75"]
[EventDate "2015.08.15"]
[EventType "swiss"]
[EventRounds "9"]
[EventCountry "GER"]
[SourceTitle "EXT 2016"]
[Source "ChessBase"]
[SourceDate "2015.10.08"]
[SourceVersion "1"]
[SourceVersionDate "2015.10.08"]
[SourceQuality "1"]

1. d4 Nf6 2. Nf3 g6 3. c4 c5 4. d5 b5 5. cxb5 a6 6. bxa6 Bxa6 7. Nc3 Bg7 8. g3 0-0 9. Bg2 Qc7 10. 0-0 d6 11. Re1 Nbd7 12. Qc2 Rfb8 13. e4 Rb7 14. Bd2 Rab8 15. Rab1 Qa5 16. Na4 Qc7 17. Bf1 Bxf1 18. Rxf1 Ra7 19. Rfc1 Rba8 20. b3 Ng4 21. h3 Nge5 22. Nxe5 Nxe5 23. Kg2 Rb7 24. Nc3 e6 25. a4 exd5 26. Nxd5 Qc6 27. a5 f5 28. b4 fxe4 29. Qxe4 Rab8 30. b5 Rxb5 31. Ne7+ Kf8 32. Nxc6 Nxc6 33. Rxb5 Rxb5 34. Qxc6 Kg8 35. Qe8+ Bf8 36. Bh6 Rb8 37. Qxb8 d5 38. Qxf8# 1-0

[Event "GER-ch U10"]
[Site "Willingen"]
[Date "2015.05.24"]
[Round "2"]
[White "Schupfer, Michael"]
[Black "Kriuckova, Sonia"]
[Result "1/2-1/2"]
[WhiteElo "1173"]
[BlackElo "1015"]
[PlyCount "149"]
[EventDate "2015.05.24"]
[EventType "swiss"]
[EventRounds "11"]
[EventCountry "GER"]
[SourceTitle "CBM 166 Extra"]
[Source "ChessBase"]
[SourceDate "2015.06.18"]
[SourceVersion "1"]
[SourceVersionDate "2015.06.18"]
[SourceQuality "1"]

1. e4 c5 2. Nf3 Nc6 3. Bc4 d6 4. 0-0 Nf6 5. d3 e6 6. Nc3 Be7 7. Re1 0-0 8. Qd2 a6 9. a4 b6 10. Qf4 Bb7 11. Qg3 g6 12. Bh6 Re8 13. h4 Bf8 14. Bd2 Bg7 15. Qh3 Qd7 16. g4 Qc7 17. h5 Ne7 18. Bh6 Bxh6 19. g5 Bg7 20. h6 Bf8 21. gxf6 Nc6 22. Ng5 Ne5 23. f4 Nxc4 24. dxc4 Rad8 25. Rad1 e5 26. fxe5 dxe5 27. Rxd8 Rxd8 28. Nf3 Qd7 29. Qh4 Bc6 30. Nxe5 Qd4+ 31. Qf2 Qxe5 32. Qh4 Qd4+ 33. Kh1 Qxc4 34. Qh2 Re8 35. Qf4 b5 36. axb5 axb5 37. Kg1 b4 38. Nd1 Rxe4 39. Rxe4 Qxe4 40. Qxe4 Bxe4 41. Ne3 c4 42. Kf2 c3 43. bxc3 bxc3 44. Kg3 Bd6+ 45. Kg4 Kf8 46. Nd1 Bxc2 47. Nxc3 Ke8 48. Nd5 Kd7 49. Ne3 Ba4 50. Ng2 Ke6 51. Kg5 Bb4 52. Nf4+ Kd6 53. Kg4 Bd1+ 54. Kg3 Kd7 55. Kf2 Bc5+ 56. Ke1 Be3 57. Nd5 Bg5 58. Kxd1 Bxh6 59. Ke2 Ke6 60. Ne3 Kxf6 61. Ng4+ Kg5 62. Ne5 Bg7 63. Nxf7+ Kf6 64. Nd6 h5 65. Ne4+ Kf5 66. Kf3 g5 67. Ng3+ Kg6 68. Ne4 g4+ 69. Kg3 Be5+ 70. Kh4 Bc3 71. Nxc3 Kf5 72. Ne2 Kg6 73. Ng3 Kh6 74. Nxh5 Kg6 75. Kxg4 1/2-1/2